[Event "EU-chT School U16 4th"]
[Site "Varna"]
[Date "2009.06.19"]
[Round "6.1"]
[White "Prokopuk, Aleksandrina"]
[Black "Anton, Roxana Ana"]
[Result "1/2-1/2"]
[WhiteElo "1801"]
[BlackElo "1710"]
[PlyCount "49"]
[EventDate "2009.06.13"]
[EventType "team"]
[EventRounds "6"]
[EventCountry "BUL"]
[SourceTitle "CBM 131 Extra"]
[Source "ChessBase"]
[SourceDate "2009.09.03"]
[SourceVersion "2"]
[SourceVersionDate "2009.09.16"]
[SourceQuality "1"]

1. e4 c5 2. Nc3 e6 3. f4 d5 4. Bb5+ Nc6 5. Nf3 a6 6. Bxc6+ bxc6 7. 0-0 Nf6 8. d3 g6 9. Qe1 Bg7 10. f5 Ng8 11. fxe6 Bxe6 12. exd5 cxd5 13. Ng5 Qe7 14. Bf4 Nf6 15. Qh4 h6 16. Nxe6 fxe6 17. Be5 0-0 18. Qg3 Nd7 19. Bd6 Rxf1+ 20. Rxf1 Bd4+ 21. Kh1 Qg7 22. Qg4 Re8 23. Qf3 Nb6 24. Nd1 Nd7 25. Nc3 1/2-1/2

[Event "EU-chT School U16 4th"]
[Site "Varna"]
[Date "2009.06.14"]
[Round "2.1"]
[White "Prokopuk, Aleksandrina"]
[Black "Peronczyk, Karol"]
[Result "0-1"]
[WhiteElo "1801"]
[BlackElo "1632"]
[PlyCount "73"]
[EventDate "2009.06.13"]
[EventType "team"]
[EventRounds "6"]
[EventCountry "BUL"]
[SourceTitle "EXT 2020"]
[Source "ChessBase"]
[SourceDate "2019.10.17"]
[SourceVersion "1"]
[SourceVersionDate "2019.10.17"]
[SourceQuality "1"]

1. e4 c5 2. Nc3 Nc6 3. f4 g6 4. Nf3 Bg7 5. Bc4 e6 6. 0-0 Nge7 7. Qe1 0-0 8. d3 a6 9. f5 b5 10. Bb3 gxf5 11. Qh4 fxe4 12. Ng5 h6 13. Ngxe4 Nf5 14. Qh5 Ncd4 15. Kh1 Qe7 16. Ng3 Nxg3+ 17. hxg3 Nf5 18. Qf3 Bb7 19. Bd5 Nd4 20. Qe4 f5 21. Bxe6+ dxe6 22. Qf4 b4 23. Na4 Qe8 24. Nxc5 Bxg2+ 25. Kxg2 Qc6+ 26. Kh3 Qxc5 27. Be3 e5 28. Qf2 Qc8 29. Kg2 Nxc2 30. Rac1 Qb7+ 31. Kh2 Nxe3 32. Qxe3 Rae8 33. Qc5 Qe7 34. Qc4+ Kh8 35. Qxa6 f4 36. Qg6 Qg5 37. Qxg5 0-1